| 000 | 01000cab a22002055 4500 | ||
|---|---|---|---|
| 001 | E148646 | ||
| 008 | 091015e20091008xxk f 000 0 eng u | ||
| 035 | _a(Sirsi) u148646 | ||
| 041 | 0 | _aeng | |
| 110 | 2 |
_aConstructing Excellence in the Built Environment _94925 |
|
| 245 | 0 | 0 |
_aConstruction industry forecasts _bautumn 2009 _h[electronic resource] |
| 260 | _c2009 | ||
| 490 | 0 |
_aConstructing Excellence in the Built Environment News _v8 October 2009 |
|
| 520 | _aPredicts that construction output will drop by 15% in 2009 and 2% in 2010, and then start growing again in 2011. Suggests that there is optimism in the housing sector, although recovery will be slow. | ||
| 590 | _aKA NTK | ||
| 651 | 4 |
_aUnited Kingdom _y |
|
| 690 |
_aConstruction management _96230 |
||
| 856 | 4 | 0 |
_uhttps://www.constructingexcellence.org.uk/news/docs/Construction%20Industry%20Forecasts%20-%20Synopsis%20(Autumn%202009).pdf _zView the item free of charge (pdf file) at www.constructingexcellence.org.uk... |
| 942 | _n0 | ||
| 999 |
_c81915 _d81915 |
||